• 首页
  • 本馆介绍
  • 公告通知
  • 最新文献
  • 馆藏检索
  • 电子资源
  • 读者导购
  • 参考咨询
  • 我的图书馆
  • 登录
  • 详细信息显示
  • 放入我的书架
  • 预约/预借图书
  • 作者相关作品
  • 分类相关作品
  • 丛书相关作品
  • 出版社相关作品

书目信息

  • 表格格式
  • 工作单格式
  • 卡片格式
题名:
有机合成化学与路线设计
    
 
作者: 巨勇 , 席婵娟 , 赵国辉 编著
分册:  
出版信息: 北京   清华大学出版社  2007.07
页数: 299页
开本: 23cm
丛书名:
单 册:
中图分类: O621.3
科图分类:
主题词: 有机合成--合成化学--高等学校--教材 , 有机合成 , 合成化学
电子资源:
ISBN: 978-7-302-15095-4
000 01025nam0 2200289 450
001 390
005 20180927145015.84
010    @a978-7-302-15095-4@dCNY45.00
100    @a20070402d2007 em y0chiy50 ea
101 0  @achi
102    @aCN@b110000
105    @ay z 001yy
200 1  @a有机合成化学与路线设计@9you ji he cheng hua xue yu lu xian she ji@f巨勇,席婵娟,赵国辉编著
205    @a2版
210    @a北京@c清华大学出版社@d2007.07
215    @a299页@d23cm
300    @a清华大学化学类教材
330    @a本书分两个方面,一是在学生已掌握本科基础有机化学的前提下,介绍和讨论各类有机化学合成反应及元素有机化合物应用中的大量有实用性的反应;二是介绍和讨论有机合成路线设计方面的思维方法和技巧。
606 0  @a有机合成@x合成化学@x高等学校@j教材
606 0  @a有机合成
606 0  @a合成化学
690    @aO621.3@v4
701  0 @a巨勇@9ju yong@c(化学)@4编著
701  0 @a席婵娟@9xi chan juan@c(化学)@4编著
701  0 @a赵国辉@9zhao guo hui@4编著
801  0 @aCN@b91MARC@c20130904
905    @aMuseLib@dO621.3@e103=2
    
    有机合成化学与路线设计/巨勇,席婵娟,赵国辉编著.-2版.-北京:清华大学出版社,2007.07
    299页;23cm
    清华大学化学类教材
    
    ISBN 978-7-302-15095-4:CNY45.00
    本书分两个方面,一是在学生已掌握本科基础有机化学的前提下,介绍和讨论各类有机化学合成反应及元素有机化合物应用中的大量有实用性的反应;二是介绍和讨论有机合成路线设计方面的思维方法和技巧。
●
相关链接 在E读中查询图书 在五车中查询图书 在当当中查询图书 在豆瓣中查询图书


正题名:有机合成化学与路线设计     索取号:O621.3/103=2         预约/预借

序号 登录号 条形码 馆藏地/架位号 状态 备注
1 1119654   211196542   第二样本阅览室/ [索取号:O621.3/103=2] 在馆    
2 1119655   211196551   化学系资料室/ [索取号:O621.3/103=2] 在馆    
3 1119656   211196560   第三借阅区/ [索取号:O621.3/103=2] 在馆    
4 1119657   211196579   第三借阅区/ [索取号:O621.3/103=2] 在馆    
5 1119658   211196588   第三借阅区/ [索取号:O621.3/103=2] 在馆    
唐山师范学院图书馆 欢迎您!
大连网信软件有限公司© 版权所有